000 00704nam a2200289Ia 4500
005 20260324143210.0
008 008 260324s9999 xx 000 0 eng d
020 _a9781315807270
037 _aEBOOK
040 _aCRL
040 _beng
040 _cCRL
041 _2eng
041 _aeng
084 _qCRL
100 _aRafael M. Diaz; Laura E. Berk; Rafael Diaz
_91214748
245 0 _aPrivate Speech
245 0 _bFrom Social Interaction To Self-regulation
260 _bTaylor and Francis
260 _c1992
365 _a
365 _b230
856 _uhttp://www.taylorfrancis.com/books/9781315807270
942 _cEBOOK
999 _c1819866
_d1819866